Khita-e-Khak Ya Arz-e-Pak ? (Record no. 525199)
[ view plain ]
| 000 -LEADER | |
|---|---|
| fixed length control field | 00536nam a22001817a 4500 |
| 003 - CONTROL NUMBER IDENTIFIER | |
| control field | NUST |
| 020 ## - INTERNATIONAL STANDARD BOOK NUMBER | |
| International Standard Book Number | 9694962404 |
| 038 ## - RECORD CONTENT LICENSOR | |
| Staff Name | Zafar Malik |
| 082 ## - DEWEY DECIMAL CLASSIFICATION NUMBER | |
| Classification number | 954.91 |
| Author Mark | FAT |
| 100 ## - MAIN ENTRY--PERSONAL NAME | |
| Personal name | Fateh Muhammad Malik Prof. |
| 9 (RLIN) | 15944 |
| 245 ## - TITLE STATEMENT | |
| Title | Khita-e-Khak Ya Arz-e-Pak ? |
| Statement of responsibility, etc. | Prof. Fateh Muhammad Malik |
| 260 ## - PUBLICATION, DISTRIBUTION, ETC. | |
| Place of publication, distribution, etc. | Islamabad : |
| Name of publisher, distributor, etc. | Dost Publications ; |
| Date of publication, distribution, etc. | 2004. |
| 300 ## - PHYSICAL DESCRIPTION | |
| Extent | 186 p. ; |
| 500 ## - GENERAL NOTE | |
| General note | Hardcover |
| 880 ## - ALTERNATE GRAPHIC REPRESENTATION | |
| Linkage | 100-02\r |
| Title | پروفیسر فتح محمد ملک |
| 880 ## - ALTERNATE GRAPHIC REPRESENTATION | |
| Linkage | 245-02\r |
| Title | خطہ خاک یا ارض پاک؟ |
| 942 ## - ADDED ENTRY ELEMENTS (KOHA) | |
| Source of classification or shelving scheme | |
| Koha item type | Book |
| Withdrawn status | Lost status | Source of classification or shelving scheme | Damaged status | Not for loan | Permanent Location | Current Location | Shelving location | Date acquired | Total Checkouts | Full call number | Barcode | Date last seen | Price effective from | Koha item type | Source of acquisition |
|---|---|---|---|---|---|---|---|---|---|---|---|---|---|---|---|
| Central Library (CL) | Central Library (CL) | Punjabi Literature | 06/28/2019 | 954.91 FAT | CL-E-719 | 06/28/2019 | 06/28/2019 | Book | |||||||
| Central Library (CL) | Central Library (CL) | Pakistan Studies | 05/09/2022 | 954.91 FAT | CL-D-1777 | 07/04/2025 | 05/09/2022 | Book | Donation |
